|
|
|
|
| LEADER |
01490nam a2200313 a 4500 |
| 001 |
15678971 |
| 008 |
120329s2009 enka b 001 0 eng |
| 010 |
|
|
|a 2009012518
|
| 020 |
|
|
|a 9780521736718
|
| 020 |
|
|
|a 0521736714
|
| 040 |
|
|
|a DLC
|c DLC
|d YDX
|d DLC
|d BD-DhAAL
|
| 050 |
0 |
0 |
|a PE1128.A2
|b K418 2009
|
| 082 |
0 |
0 |
|a 428.0076
|2 22
|
| 100 |
1 |
|
|a Khalifa, Hanan.
|
| 245 |
1 |
0 |
|a Examining reading :
|b research and practice in assessing second language reading /
|c Hanan Khalifa and Cyril J. Weir.
|
| 260 |
|
|
|a Cambridge, UK ;
|a New York :
|b Cambridge University Press,
|c 2009.
|
| 300 |
|
|
|a xiv, 342 p. :
|b ill. ;
|c 23 cm.
|
| 490 |
1 |
|
|a Studies in language testing ;
|v 29
|
| 504 |
|
|
|a Includes bibliographical references and indexes.
|
| 541 |
|
|
|e 00024857
|
| 505 |
0 |
|
|a Introduction -- Test-taker characteristics -- Cognitive validity -- Context validity -- Scoring validity -- Consequential validity -- Criterion-related validity -- Conclusions and recommendations.
|
| 650 |
|
0 |
|a English language
|x Study and teaching
|x Foreign speakers
|x Evaluation.
|
| 650 |
|
0 |
|a Reading (Higher education)
|x Ability testing.
|
| 650 |
|
0 |
|a Second language acquisition
|x Research.
|
| 700 |
1 |
|
|a Weir, Cyril J.
|
| 830 |
|
0 |
|a Studies in language testing ;
|v 29.
|
| 852 |
1 |
|
|a Ayesha Abed Library
|c General shelf.
|
| 999 |
|
|
|c 12052
|d 12052
|
| 952 |
|
|
|0 0
|1 0
|2 ddc
|4 0
|6 428_007600000000000_KHA
|7 0
|9 19862
|a BRACUL
|b BRACUL
|c GEN
|d 2012-03-28
|e karim International
|g 4044.00
|l 0
|o 428.0076 KHA
|p 3010024857
|r 2012-03-29
|t 1
|w 2012-03-29
|y BK
|